एक बस्ती- एक दुनियाः (Record no. 13996)

MARC details
000 -LEADER
fixed length control field 01288nam a22002537a 4500
005 - DATE AND TIME OF LATEST TRANSACTION
control field 20080625141927.0
008 - FIXED-LENGTH DATA ELEMENTS--GENERAL INFORMATION
fixed length control field 080625t xxu||||| |||| 00| f hin d
010 ## - LIBRARY OF CONGRESS CONTROL NUMBER
LC control number HIN-83630
020 ## - INTERNATIONAL STANDARD BOOK NUMBER
Terms of availability 150.00
035 ## - SYSTEM CONTROL NUMBER
System control number HN-55976
037 ## - SOURCE OF ACQUISITION
Source of stock number/acquisition पु.प्र.अ.प्र./प्रका
040 ## - CATALOGING SOURCE
Original cataloging agency DPL
Language of cataloging HN
082 ## - DEWEY DECIMAL CLASSIFICATION NUMBER
Classification number उ / महेन्द्र
100 ## - MAIN ENTRY--PERSONAL NAME
Personal name महेन्द्र 'रज्जन'
245 ## - TITLE STATEMENT
Title एक बस्ती- एक दुनियाः
Remainder of title (उपन्यास) /
Statement of responsibility, etc महेन्द्र 'रज्जन'
246 ## - VARYING FORM OF TITLE
Title proper/short title Ek basti ek duniya
Remainder of title by Mahendra ' Rajjan '
260 ## - PUBLICATION, DISTRIBUTION, ETC. (IMPRINT)
Place of publication, distribution, etc इलाहाबाद
Name of publisher, distributor, etc सीमा प्रकाशन
Date of publication, distribution, etc 2006
270 ## - ADDRESS
Address 542, खलासी लाइन, कीडगंज
City इलाहाबाद
Postal code 211003
300 ## - PHYSICAL DESCRIPTION
Extent 152पृ
Dimensions 22सेमी(सजिल्द)
500 ## - GENERAL NOTE
General note समान ISBN 8190246399 शीर्षक ' प्यारे प्यारे भाई '
650 ## - SUBJECT ADDED ENTRY--TOPICAL TERM
Topical term or geographic name as entry element Hindi Novels
942 ## - ADDED ENTRY ELEMENTS (KOHA)
Koha item type Hindi Books
Source of classification or shelving scheme Dewey Decimal Classification
Classification part
Call number suffix महेन्द्
Holdings
Withdrawn status Lost status Damaged status Not for loan Collection code Home library Current library Date acquired Source of acquisition Cost, normal purchase price Total Checkouts Full call number Barcode Date last seen Copy number Cost, replacement price Price effective from Koha item type
      Not For Loan Fiction D.B.Act.Division D.B.Act.Division 25/06/2008 पु.प्र.अ.प्र /प्रका 150.00   उ महेन्द्र HN-55976 15/09/2008 1 150.00 15/09/2008 Hindi Books

© Delhi Public Library
Hit Counter
free hit counter